000 00958nas a2200313 4500
001 BR9206098
003 BR-BrBNA
005 20231205092904.0
007 ta
008 230509b bl.|||p| |||| 00| 00por d
040 _aBR-BrBNA
_bpor
_cBiblioteca Nacional de Agricultura
041 _a(Pt)
072 _aF08
100 1 _aRando, E.M.
100 1 _aQuintanilha, A.C.
245 1 _aCrescimento e producao da mamona em consorcio com culturas e adubos verdes
246 1 _aGrowth and yield of castor bean when consorted with crops and green manure
650 _aMAMONA
650 _aFEIJAO
650 _aAMENDOIM
650 _aMILHO
650 _aFEIJAO DE PORCO
650 _aMUCUNA
650 _aCONSORCIACAO DE CULTURA
650 _aCRESCIMENTO
773 0 _tPesquisa Agropecuaria Brasileira (Brazil)
_xISSN 0100-204X
_g(Nov 1990), v. 25(11) p. 1569-1575
_wBR9206098
909 _a202311
_bLúcia
_c55
_dLúcia Elande
942 _2AGRIS
_n0
_cANA
999 _c134901
_d134901